000 00676cam a2200229 a 4500
001 000009207
005 20200929161522.0
008 951003s1993 ve 000 f spa
020 _a9800108378
040 _aDO-SdBNP
_cDLC
082 _aV863.44
_bN778j
100 1 _aNoguera, Carlos,
_d1943-
_923887
245 1 0 _aJuegos bajo la luna /
_cCarlos Noguera.
260 _aCaracas :
_bMonte Ávila Editores Latinoamericana,
_c1993.
300 _a587 p. ;
_c20 cm.
490 1 _aContinentes
650 4 _aNovela venezolana
_93962
650 4 _aLiteratura venezolana
_ySIGLO XX
_99777
830 0 _aContinentes.
_95341
910 _aCatalogación por copia / LC
049 _aBNGR
999 _c8970
_d8970